Studies on risk analysis of some organophosphorus pesticides in food (Record no. 17788)

MARC details
000 -LEADER
fixed length control field 01186cam a2200301Ia 45 0
001 - CONTROL NUMBER
control field u210513
003 - CONTROL NUMBER IDENTIFIER
control field SIRSI
008 - FIXED-LENGTH DATA ELEMENTS--GENERAL INFORMATION
fixed length control field 100628s2014 ua a b 000 0 eng d
040 ## - CATALOGING SOURCE
Original cataloging agency EAL
041 ## - LANGUAGE CODE
Language code of text/sound track or separate title eng
Language code of summary or abstract ara
090 ## - LOCALLY ASSIGNED LC-TYPE CALL NUMBER (OCLC); LOCAL CALL NUMBER (RLIN)
Classification number (OCLC) (R) ; Classification number, CALL (RLIN) (NR) CD-3457
100 ## - MAIN ENTRY--PERSONAL NAME
Personal name El-Sisi, Mahmoud Abd El-Salam El-Sayed
245 10 - TITLE STATEMENT
Title Studies on risk analysis of some organophosphorus pesticides in food
Medium [computer file]/
Statement of responsibility, etc. Mahmoud Abd El-Salam El-Sayed El-Sisi.
246 15 - VARYING FORM OF TITLE
Title proper/short title دراسات على تحليل مخاطر بعض المبيدات الفسفورية في الأغذية.
260 ## - PUBLICATION, DISTRIBUTION, ETC.
Date of publication, distribution, etc. 2014.
300 ## - PHYSICAL DESCRIPTION
Extent Computer laser optical disk ;
Dimensions 4 3/4 in.
502 ## - DISSERTATION NOTE
Dissertation note Thesis (M.S.) -- Al-Azhar University, 2014.
504 ## - BIBLIOGRAPHY, ETC. NOTE
Bibliography, etc. note Includes bibliographical references (leaves124-132) .
538 ## - SYSTEM DETAILS NOTE
System details note Systems requirements: Adobe Reader.
546 ## - LANGUAGE NOTE
Language note Summary in Arabic.
596 ## -
-- 1
650 #0 - SUBJECT ADDED ENTRY--TOPICAL TERM
Topical term or geographic name entry element Pesticide residues in food.
650 #0 - SUBJECT ADDED ENTRY--TOPICAL TERM
Topical term or geographic name entry element Pesticide residues in food
General subdivision Analysis.
650 #0 - SUBJECT ADDED ENTRY--TOPICAL TERM
Topical term or geographic name entry element Pesticide residues in food
General subdivision Health aspects.
650 #3 - SUBJECT ADDED ENTRY--TOPICAL TERM
Topical term or geographic name entry element organophosphorus pesticides.
856 04 - ELECTRONIC LOCATION AND ACCESS
Uniform Resource Identifier <a href="http://nile.enal.sci.eg/thesis/3457.pdf">http://nile.enal.sci.eg/thesis/3457.pdf</a>
Public note Content & Abstract.
942 ## - ADDED ENTRY ELEMENTS (KOHA)
Koha item type E-Thesis
Source of classification or shelving scheme Library of Congress Classification
Holdings
Withdrawn status Lost status Source of classification or shelving scheme Damaged status Not for loan Home library Current library Date acquired Total Checkouts Full call number Barcode Date last seen Copy number Price effective from Koha item type
    Library of Congress Classification     Main Main 02/19/2018   CD-3457 CD003457 02/19/2018 1 02/19/2018 E-Thesis

Home | About ENAL | Collections | Services | Activities | Calendar | Contact us

7 Nadi El Sayed St., Giza, Egypt | Phone:02-33351121 +02-33351313 | 
| Email: enalegypt@gmail.com